000 00583nam a2200205Ia 4500
005 20250508162141.0
008 008 250505s9999 xx 000 0 eng d
020 _a0-470-26519-1
037 _aTextual
040 _aFEDL
_beng
_cFEDL
041 _aeng
_2eng
084 _a370.15, GLA
_qFEDL
100 _aGlaser Robert Ed.
245 0 _aAdvances in instructional psychology Vol. 1
260 _aNew York, USA
_bJohn Wiley and Sons
_c1978
300 _axii,304p.
650 _aEducation-Psychology
942 _cTEXL
_h370.15, GLA
999 _c1374668
_d1374668